000 00663nam a2200241Ia 4500
003 OSt
005 20220926024650.0
006 a|||||r|||| 00| 0
007 ta
008 220923b |||||||| |||| 00| 0 eng d
037 _cGeneral Book
040 _aRTL
_cRTL
_beng
041 _2eng
_aeng
082 _aXM5:8.3.N8, M2
100 _aTricker R I
_9127640
245 0 _aContext of corporate accountability
260 _aOxford
_bC P G
_c1982
300 _a14p
_ccm.
490 _aCorporate Policy Group Publication
650 _aJoint Stock Company
942 _hXM5:8.3.N8, M2
_cGB
_2CC
999 _c645160
_d645160